书目信息 |
| 题名: |
自由基医学
|
|
| 作者: | 海春旭 主编 | |
| 分册: | ||
| 出版信息: | 西安 第四军医大学出版社 2006.12 |
|
| 页数: | 500页 | |
| 开本: | 26cm | |
| 丛书名: | ||
| 单 册: | ||
| 中图分类: | R362 | |
| 科图分类: | ||
| 主题词: | 游离基--you li ji--医学 | |
| 电子资源: | ||
| ISBN: | 7-81086-235-9 | |
| 000 | 00720nam0 2200217 450 | |
| 001 | 012007460909 | |
| 005 | 20070622165141.92 | |
| 010 | @a7-81086-235-9@dCNY58.00 | |
| 100 | @a20070411d2006 km y0chiy0120 ea | |
| 101 | 0 | @achi |
| 102 | @aCN@b610000 | |
| 105 | @ay z 000yy | |
| 200 | 1 | @a自由基医学@Azi you ji yi xue@f海春旭主编@Fhai chun xu zhu bian |
| 210 | @a西安@c第四军医大学出版社@d2006.12 | |
| 215 | @a500页@d26cm | |
| 330 | @a本书共40章,从多个方面对自由基作了系统的阐述,包括自由基的发展、来源及其对机体的生物学效应;自由基和活性氧与人体多种疾病之间的关系等。 | |
| 606 | 0 | @a游离基@Ayou li ji@x医学 |
| 690 | @aR362@v4 | |
| 701 | 0 | @a海春旭@Ahai chun xu@4主编 |
| 801 | 0 | @aCN@c20070622 |
| 905 | @dR362@eH027 | |
| 自由基医学/海春旭主编.-西安:第四军医大学出版社,2006.12 |
| 500页;26cm |
| ISBN 7-81086-235-9:CNY58.00 |
| 本书共40章,从多个方面对自由基作了系统的阐述,包括自由基的发展、来源及其对机体的生物学效应;自由基和活性氧与人体多种疾病之间的关系等。 |
| ● |
| 相关链接 |
|
|
|
正题名:自由基医学
索取号:R362/H027
 
预约/预借
| 序号 | 登录号 | 条形码 | 馆藏地/架位号 | 状态 | 备注 |
| 1 | 240815 | 202408153 | 自科库401/401自科库 14排4列4层/ [索取号:R362/H027] | 在馆 |